Music Quiz

Random Music or Kpop Quiz

Kpop song playlist Quiz Stats

 Plays Quiz not verified by Sporcle

Score 0/50 Timer 10:00
1 Play Today
Song Artist % Correct
FancyTwice
100%
Kill this loveBlackpink
100%
ZimzalabimRed velvet
100%
Don’t know what to doBlackpink
100%
Love shotExo
100%
Love scenario Ikon
100%
Ddu-du-ddu-duBlackpink
100%
Bad boyRed velvet
100%
What is love?Twice
100%
As if its your lastBlackpink
100%
BoombayahBlackpink
100%
Yes or yesTwice
100%
Playing with fireBlackpink
100%
Killing meIkon
100%
Forever youngBlackpink
100%
TempoExo
100%
Lalalay Sunmi
99.7%
Boy with luvBTS
99.7%
SoloJennie
99.7%
Gashina Sunmi
99.7%
Dream glowBTS
99.7%
Dalla dallaItzy
99.4%
Uh-oh(G)I-DLE
99.4%
Crown Txt
99.4%
Senorita(G)I-DLE
99.4%
Song Artist % Correct
Latata (G)I-DLE
99.4%
SnappingChungha
99.1%
Gotta goChungha
99.1%
Side effects Stray kids
99.1%
MIROH Stray kids
99.1%
La vie en roseIZ*ONE
98.8%
Adios EVERGLOW
98.6%
Bon Bon chocolatEVERGLOW
98.6%
BirthdaySomi
98.3%
TwitHwasa
98.3%
BoomNCT dream
97.7%
Don’t need your loveNCT dream
97.7%
Bomb bombKARD
96.2%
HitSeventeen
96%
WaveATEEZ
95.4%
Humph! Pentagon
94.5%
FeverGFRIEND
87.6%
FlashX1
87.3%
Movie starCIX
85.5%
Who do u love?Monsta x
83.2%
No oneLeehi
81.8%
Gleam Mamamoo
78.6%
What a lifeEXO-SC
72.8%
What are you up toKang Daniel
54%
Call anytimeJinu
28.9%

You're not logged in!

Compare scores with friends on all Sporcle quizzes.
OR
Log In

Sporcle TV

Today on Sporcle TV


Watch our educational content, quiz creation guides, and fun videos on Sporcle TV.

Show Comments

Extras

Top Quizzes Today


Score Distribution

Your Account Isn't Verified!

In order to create a playlist on Sporcle, you need to verify the email address you used during registration. Go to your Sporcle Settings to finish the process.

Report this User

Report this user for behavior that violates our Community Guidelines.

Details: